LIBRARY ONLINE CATALOGUE

Cases in strategic management / (Record no. 5385)

MARC details
000 -LEADER
fixed length control field 00661nam a22002172 4500
001 - CONTROL NUMBER
control field 0000001681
005 - DATE AND TIME OF LATEST TRANSACTION
control field 20151217151824.0
008 - FIXED-LENGTH DATA ELEMENTS--GENERAL INFORMATION
fixed length control field 070321s xx 000 0 eng d
020 ## - INTERNATIONAL STANDARD BOOK NUMBER
International Standard Book Number 0130863599 :
Terms of availability KES 600
040 ## - CATALOGING SOURCE
Original cataloging agency KABU
Transcribing agency KABU
050 #0 - LIBRARY OF CONGRESS CALL NUMBER
Classification number HD30.28
Item number .R67
100 1# - MAIN ENTRY--PERSONAL NAME
Personal name Rosenthal, David.
-- 0000150628
245 10 - TITLE STATEMENT
Title Cases in strategic management /
Statement of responsibility, etc. David Rosenthal, Lew G. Brown.
260 ## - PUBLICATION, DISTRIBUTION, ETC. (IMPRINT)
Place of publication, distribution, etc. Upper Saddle River, NJ :
Name of publisher, distributor, etc. Prentice Hall,
Date of publication, distribution, etc. 2000.
300 ## - PHYSICAL DESCRIPTION
Extent xiii, 610 p.
650 #0 - SUBJECT ADDED ENTRY--TOPICAL TERM
Topical term or geographic name as entry element Strategic planning.
-- 0000150576
700 1# - ADDED ENTRY--PERSONAL NAME
Personal name Brown, Lew G.
-- 0000150629
908 ## - PUT COMMAND PARAMETER (RLIN)
Put command parameter 070321
950 ## - LOCAL HOLDINGS (RLIN)
-- 1
Holdings
Withdrawn status Lost status Source of classification or shelving scheme Not for loan Home library Current library Date acquired Total Checkouts Full call number Barcode Date last seen Price effective from Koha item type
    Library of Congress Classification   Kabarak, Main Campus Kabarak, Main Campus 17/12/2015   HD30.28 .R67 002366 02/08/2024 17/12/2015 General Collection